000 00999nam a2200253 i 4500
001 8966
003 ES-MaACL
005 20250731005546.0
007 t|
008 921118s1990 sp ||||1| spa d
020 _a84-85290-87-9
080 _a341.241(46)
245 0 3 _aLa Celebración de tratados internacionales por España
_b: problemas actuales.
260 _aMadrid :
_bMinisterio de Asuntos Exteriores,
_c1990.
300 _a382 p. ;
_c25 cm.
490 1 _aBiblioteca diplomática española. Sección Varios ;
_v1
500 _aActas del Seminario organizado por el Ministerio de Asuntos Exteriores y otros organismos, Escuela Diplomática, 13 a 16 de noviembre de 1989.
504 _aBibliogr.: p. 365-382.
650 1 4 _aTratados internacionales-
_zEspaña.
_917642
710 1 _aEspaña.
_bMinisterio de Asuntos Exteriores.
_93845
830 0 0 _aBiblioteca diplomática española.
_pVarios
_v1
_9179529
852 _aES-MaACL
_jL-16304
_bR.120675
999 _c8966
_d8966